00254 a2200121 4500001000700000020000600007040001100013100002200024240003700046245003200083300000800115362000900123183170 a  cMagnum aKieling, Gilberto10aO fundo invisível do olholpor10aO fundo invisível do olho a1090 a1987